Indian States in Alphabetical Order - Statistics

General Stats
  • This quiz has been taken 12 times
    11 since last reset
  • The average score is 18 of 37
Answer Stats
Hint States % Correct
A Andhra Pradesh
100%
A Assam
57%
B Bihar
57%
C Chhattisgarh
57%
G Goa
57%
J Jharkhand
57%
K Karnataka
57%
M Madhya Pradesh
57%
M Maharashtra
57%
M Manipur
57%
M Meghalaya
57%
N Nagaland
57%
O Odisha
57%
R Rajasthan
57%
A Andaman and Nicobar
43%
C Chandigarh
43%
D Dadra and Nagar Haveli
43%
D Daman and Diu
43%
G Gujarat
43%
H Himachal Pradesh
43%
J Jammu and Kashmir
43%
K Kerala
43%
L Ladakh
43%
L Lakshadweep
43%
M Mizoram
43%
N New Delhi
43%
P Puducherry
43%
P Punjab
43%
S Sikkim
43%
T Tripura
43%
U Uttarakhand
43%
U Uttar Pradesh
43%
W West Bengal
43%
A Arunanchal Pradesh
29%
H Haryana
29%
T Tamil Nadu
29%
T Telangana
29%
No matching quizzes found
Score Distribution
Percent of People with Each Score
Percentile by Number Answered
Your Score History
You have not taken this quiz since the last reset